Statistiques concernant Villes suisses par image

Cliquez ici pour prendre le quiz!

Statistiques générales

  • Ce quiz a été pris 343 fois
  • Le résultat moyen est 9 sur 15

Statistiques - réponses

Réponse% Correct
Genève
100%
Berne
91%
Lucerne
86%
Zermatt
75%
Lausanne
73%
Zurich
65%
Davos
59%
Bâle
58%
Montreux (Veytaux)
58%
Lugano
53%
Fribourg
51%
Neuchâtel
43%
Sion
42%
Saint-Gall
30%
Thoune
23%

Distribution des résultats

Percentile par nombre de réponses

% des personnes avec chaque résultat

Votre développement - résultats

Vous n’avez pas pris ce quiz